Geography Quiz

Random Geography or State Quiz

Alphabetical States Minefield Quiz Stats

Quiz Updated Jan 24, 2018

Challenge
Share
Tweet
Embed
Score 0/26 Timer 03:00
0 Plays Today
Order State % Correct
1???
94%
2???
87.1%
4???
83.8%
5???
82.2%
3???
78.4%
8???
78.2%
9???
76.8%
10???
76.4%
6???
73.9%
13???
72.4%
7???
71.8%
14???
71.6%
11???
71.3%
Order State % Correct
15???
68.4%
12???
68.4%
17???
67.3%
16???
66.7%
18???
66.3%
19???
64.1%
20???
57.1%
22???
57.1%
21???
56.3%
(*)???
55.3%
23???
52.2%
24???
49.7%
25???
46.3%

You're not logged in!

Compare scores with friends on all Sporcle quizzes.
Sign Up with Email
OR
Log In

You Might Also Like...

Show Comments

Extras

Top Quizzes Today


Score Distribution

Your Account Isn't Verified!

In order to create a playlist on Sporcle, you need to verify the email address you used during registration. Go to your Sporcle Settings to finish the process.

Report this User

Report this user for behavior that violates our Community Guidelines.

Details: